000 01035nas a2200301 4500
001 BR2013008204
003 BR-BrBNA
005 20231205123152.0
007 ta
008 230509b bl.|||p| |||| 00| 00por d
040 _aBR-BrBNA
_bpor
_cBiblioteca Nacional de Agricultura
041 _a(Pt)
072 _aF02
100 1 _aPires, P.P.
100 1 _aWendling, I.
100 1 _aBrondani, G.
245 1 _aÁcido indolbutírico e ortotropismo na miniestaquia de Araucaria angustifolia
246 1 _aIndol-butyric acid and orthotropism in minicutting of Araucaria angustifolia
650 _aARAUCARIA ANGUSTIFOLIA
650 _aPINHEIRO-DO-PARANÁ
650 _aENRAIZAMENTO DE ESTACA
650 _aÁCIDO INDOLBUTÍRICO
650 _aCRESCIMENTO
773 0 _tRevista Árvore (Brazil)
_xISSN 0100-6762
_g(May-Jun 2013), v. 37(3) p. 393-399
_wBR2013008204
856 4 _uhttp://www.scielo.br/pdf/rarv/v37n3/a02v37n3.pdf
_yRecurso eletrônico (PDF)
909 _a202311
_bLúcia
_c55
_dLúcia Elande
942 _2AGRIS
_n0
_cANA
999 _c232510
_d232510